000 00858nam a2200229 a 4500
001 54360
003 BD-RjUL
005 20211209080117.0
008 161106s2003 bg ||||| |||| 00| 0 ben d
020 _a9848486069
_c: TK 200.00
035 _a(BD-RjUL) 54482
040 _aBD-RjUL
_bben
_cBD-RjUL
041 _aben
082 _223
_a923.7092
_bSYE 2003
245 0 0 _aড: সৈয়দ সাজ্জাদ হোসায়েন জীবন ও কর্ম /
260 _aঢাকা :
_bআল-আমীন প্রকাশন,
_c২০০৩
300 _a৪২০ পৃ. ;
_c২১ সেমি.
650 _aশিক্ষাবিদ
_xজীবনী
_9162234
650 _aEducators
_xBiography
_9162235
700 _aআহমদ, মেসবাহ উদ্দীন, সম্পাদক
_9162236
942 _2ddc
_cBK
999 _c54360
_d54360